[Event "Stay Safe Play From Home 309"]
[Site "Emanuel Lasker Arena"]
[Date "2020.07.16"]
[Round "5"]
[White "UHU4"]
[Black "Timbre"]
[Result "0-1"]
[WhiteElo "1585"]
[BlackElo "1534"]
[Annotator "NA RC"]
[PlyCount "74"]
[EventDate "2020.07.16"]
[EventType "swiss (blitz)"]

{Manoc a, Calota} 1. e4 {[%emt 0:00:04]} c6 {[%emt 0:00:02]} 2. d4 {[%emt 0:00:02]} d5 {[%emt 0:00:01]} 3. exd5 {[%emt 0:00:01]} cxd5 {[%emt 0:00:02]} 4. Bd3 {[%emt 0:00:01]} Nc6 {[%emt 0:00:02]} 5. Nf3 {[%emt 0:00:02]} a6 {[%emt 0:00:02]} 6. O-O {[%emt 0:00:02]} Bg4 {[%emt 0:00:02]} 7. c3 {[%emt 0:00:04]} e6 {[%emt 0:00:02]} 8. Bf4 {[%emt 0:00:04]} Nf6 {[%emt 0:00:02]} 9. Nbd2 {[%emt 0:00:01]} Bd6 {[%emt 0:00:01]} 10. Bg5 {[%emt 0:00:02]} Be7 {[%emt 0:00:02]} 11. Qb3 {[%emt 0:00:02]} Rb8 {[%emt 0:00:03]} 12. Ne5 {[%emt 0:00:08] UHU4 reconnected.} Bh5 {[%emt 0:00:08]} 13. Ndf3 {[%emt 0:00:08]} Bxf3 {[%emt 0:00:02]} 14. Nxf3 {[%emt 0:00:02]} O-O {[%emt 0:00:02]} 15. Qd1 {[%emt 0:00:02]} Nd7 {[%emt 0:00:02]} 16. Bd2 {[%emt 0:00:04]} Nf6 {[%emt 0:00:05]} 17. Re1 {[%emt 0:00:03]} h6 {[%emt 0:00:02]} 18. Qc1 {[%emt 0:00:01]} b5 {[%emt 0:00:03]} 19. Bxh6 {[%emt 0:00:01]} gxh6 {[%emt 0:00:02]} 20. Qxh6 {[%emt 0:00:01]} Ne4 {[%emt 0:00:15] UHU4 reconnected.} 21. Rxe4 {[%emt 0:00:03]} dxe4 {[%emt 0:00:03]} 22. Bxe4 {[%emt 0:00:01]} f5 {[%emt 0:00:01]} 23. Qxe6+ {[%emt 0:00:01]} Kh8 {[%emt 0:00:02]} 24. Bxf5 {[%emt 0:00:01]} Rxf5 {[%emt 0:00:04]} 25. Qxf5 {[%emt 0:00:01]} Bf6 {[%emt 0:00:05]} 26. Re1 {[%emt 0:00:09] UHU4 reconnected.} Qf8 {[%emt 0:00:08]} 27. Qh5+ {[%emt 0:00:09]} Kg8 {[%emt 0:00:04]} 28. Re6 {[%emt 0:00:06]} Ne7 {[%emt 0:00:06] UHU4 reconnected.} 29. Qg4+ {[%emt 0:00:00]} Kh8 {[%emt 0:00:05]} 30. Rxa6 {[%emt 0:00:04]} Qf7 {[%emt 0:00:08]} 31. Qg3 {[%emt 0:00:14] UHU4 reconnected.} Re8 {[%emt 0:00:06]} 32. Qf4 {[%emt 0:00:10]} Nd5 {[%emt 0:00:06]} 33. Qh6+ {[%emt 0:00:08] UHU4 reconnected.} Kg8 {[%emt 0:00:06] UHU4 reconnected.} 34. Qd2 {[%emt 0:00:03]} Qg7 {[%emt 0:00:10]} 35. Kf1 {[%emt 0:00:13]} Qe7 {[%emt 0:00:03]} 36. g3 {[%emt 0:00:25]} Qf7 {[%emt 0:00:03]} 37. b3 {[%emt 0:00:14]} Qe7 {[%emt 0:00:06] UHU4 reconnected. Tiempo (Lag: Av=0.63s, max=1.1s) .} 0-1

[Event "Stay Safe Play From Home 309"]
[Site "Emanuel Lasker Arena"]
[Date "2020.07.16"]
[Round "5"]
[White "Klasman"]
[Black "Oliverfab"]
[Result "0-1"]
[WhiteElo "1537"]
[BlackElo "1788"]
[Annotator "NA RC"]
[PlyCount "66"]
[EventDate "2020.07.16"]
[EventType "swiss (blitz)"]
[BlackTeam "SV Laatzen"]

{- Fábregas, Oliver (1915)} 1. f4 {[%emt 0:00:02]} e6 {[%emt 0:00:02]} 2. c4 {[%emt 0:00:02]} d5 {[%emt 0:00:02]} 3. cxd5 {[%emt 0:00:03]} exd5 {[%emt 0:00:01]} 4. d4 {[%emt 0:00:01]} Nf6 {[%emt 0:00:02]} 5. Nf3 {[%emt 0:00:01]} Bd6 {[%emt 0:00:01]} 6. e3 {[%emt 0:00:01]} O-O {[%emt 0:00:01]} 7. Nc3 {[%emt 0:00:02]} c6 {[%emt 0:00:02]} 8. Bd3 {[%emt 0:00:01]} Re8 {[%emt 0:00:02]} 9. O-O {[%emt 0:00:01]} Nbd7 {[%emt 0:00:03]} 10. Ne5 {[%emt 0:00:01]} Nf8 {[%emt 0:00:02]} 11. g4 {[%emt 0:00:05]} Bxe5 {[%emt 0:00:06]} 12. fxe5 {[%emt 0:00:02]} Nxg4 {[%emt 0:00:02]} 13. Rf4 {[%emt 0:00:04]} Qh4 {[%emt 0:00:14]} 14. Qf3 {[%emt 0:00:32]} Qxh2+ {[%emt 0:00:05]} 15. Kf1 {[%emt 0:00:01]} Nh6 {[%emt 0:00:26]} 16. Ne2 {[%emt 0:00:20]} Ne6 {[%emt 0:00:09]} 17. Bd2 {[%emt 0:00:20]} Nxf4 {[%emt 0:00:03]} 18. exf4 {[%emt 0:00:01]} Bg4 {[%emt 0:00:04]} 19. Qf2 {[%emt 0:00:10]} Bxe2+ {[%emt 0:00:11]} 20. Bxe2 {[%emt 0:00:10]} Qh1+ {[%emt 0:00:09]} 21. Qg1 {[%emt 0:00:04]} Qxg1+ {[%emt 0:00:06]} 22. Kxg1 {[%emt 0:00:02]} b5 {[%emt 0:00:05]} 23. Kf2 {[%emt 0:00:04]} Nf5 {[%emt 0:00:03]} 24. Be3 {[%emt 0:00:15]} a5 {[%emt 0:00:02]} 25. Rh1 {[%emt 0:00:05]} h6 {[%emt 0:00:03]} 26. Bg4 {[%emt 0:00:05]} Nxe3 {[%emt 0:00:05]} 27. Kxe3 {[%emt 0:00:01]} f6 {[%emt 0:00:09]} 28. e6 {[%emt 0:00:03]} Kf8 {[%emt 0:00:04]} 29. f5 {[%emt 0:00:11]} Ke7 {[%emt 0:00:01]} 30. Bh5 {[%emt 0:00:01]} Red8 {[%emt 0:00:01]} 31. Bf7 {[%emt 0:00:02]} Rac8 {[%emt 0:00:04]} 32. Rg1 {[%emt 0:00:01]} Kf8 {[%emt 0:00:02]} 33. Rg6 {[%emt 0:00:04]} c5 {[%emt 0:00:03] Time (Lag: Av=0.42s, max=0.8s)} 0-1

[Event "Stay Safe Play From Home 309"]
[Site "Emanuel Lasker Arena"]
[Date "2020.07.16"]
[Round "6"]
[White "Greblha"]
[Black "Oliverfab"]
[Result "0-1"]
[WhiteElo "2001"]
[BlackElo "1795"]
[Annotator "TA"]
[PlyCount "94"]
[EventDate "2020.07.16"]
[EventType "swiss (blitz)"]
[BlackTeam "SV Laatzen"]

{[%evp 11,93,0,11,12,13,-25,-14,-10,0,0,0,0,39,33,37,21,58,45,56,24,56,24,23,27,14,0,33,-131,-135,-152,-116,-147,-146,-133,-62,-170,-87,-102,-102,-89,-106,-95,-108,-118,-135,-370,-371,-399,-396,-376,-177,-456,-442,-654,-656,-987,-608,-609,-574,-558,-200,-512,-497,-479,-454,-424,-239,-415,-382,-1171,-1157,-29993,-29992,-29995,-29996,-29996,-29997,-29997,-29998,-29998,-29999,-29999,-29999,-29999]} 1. e4 c6 2. d4 d5 3. exd5 cxd5 4. Bd3 Nc6 5. c3 Nf6 6. Ne2 g6 7. O-O {B13: Caro-Kann: Exchange Variation and Panov-Botvinnik Attack.} Bg7 8. f4 {[#]} Ne4 $146 ({Predecessor:} 8... e6 9. Nd2 O-O 10. Nf3 Ne4 11. Ne5 Qc7 12. Ng3 f6 13. Nxc6 Qxc6 14. Re1 f5 {0-1 (38) Tscharotschkin,M (2124)-Mejzlik,O (2287) Klatovy 2018}) 9. Nd2 {The position is equal.} f5 10. Nf3 O-O 11. Ne5 Nxe5 (11... a6 {seems wilder.} 12. Be3 e6 13. b3 Bd7 14. c4 Nb4) 12. dxe5 e6 13. Be3 Bd7 14. Nd4 Qe7 15. a4 a6 16. a5 g5 17. g3 gxf4 18. Bxf4 Rac8 19. Be3 $2 (19. Qf3 $14 {keeps the upper hand.}) 19... Bxe5 $17 20. Nf3 Bg7 21. Bb6 Bc6 22. Nd4 Rf6 (22... Be8 $17 23. Bc2 Bf7) 23. Qh5 ({White should try} 23. Nxc6 $15 Rxc6 24. Bxe4 fxe4 25. Qd2) 23... Rg6 ({Better is} 23... Bd7 $19 24. Qe2 Rg6) 24. Nxc6 Rxc6 25. Bxe4 dxe4 26. Rad1 Rc8 27. Rd2 Bh6 28. Rd4 $2 {Now White is beyond hope.} (28. Rdd1 $17) 28... Be3+ $19 {[%mdl 64] Double Attack} 29. Kg2 Bxd4 30. Bxd4 e5 (30... Rf8 $142 {...e5 is the strong threat.} 31. b4 Rf7) 31. Bb6 $2 (31. Qxf5 Rf8 32. Qxe4) 31... f4 32. Rd1 (32. Qf5 $142 Re8 33. Qxe4) 32... Rf8 33. b4 fxg3 34. hxg3 Qf6 35. Bc5 Re8 $2 {[#]} (35... Qf3+ 36. Qxf3 Rxf3) 36. Rf1 $2 (36. Rd7 $1 {[%mdl 512]} Qf3+ 37. Qxf3 exf3+ 38. Kxf3) 36... Qg7 37. Qh3 Rg4 38. Rf5 Rd8 (38... Kh8 $142 {Hoping for ...Rg8.} 39. Qh5 Rxg3+ 40. Kf2 Rg2+ 41. Kf1 Rg6) 39. Be3 $2 (39. Rxe5 {was forced.} Qg6 40. Bd4) 39... Qg6 40. Rf2 $2 {[#]} (40. Rxe5 Rd3 41. Bf2) 40... Rd3 $1 41. Bc5 Rdxg3+ {Black mates.} 42. Qxg3 Rxg3+ 43. Kf1 Rg1+ 44. Ke2 Qg4+ 45. Kd2 Qd1+ 46. Ke3 Re1+ 47. Re2 Rxe2# {Accuracy: White = 35%, Black = 52%.} 0-1

[Event "Stay Safe Play From Home 309"]
[Site "Emanuel Lasker Arena"]
[Date "2020.07.16"]
[Round "6"]
[White "Haris kollari 13"]
[Black "Lazieri3"]
[Result "0-1"]
[WhiteElo "1933"]
[BlackElo "2001"]
[Annotator "NA RC"]
[PlyCount "72"]
[EventDate "2020.07.16"]
[EventType "swiss (blitz)"]

1. e4 {[%emt 0:00:01]} c6 {[%emt 0:00:00]} 2. f4 {[%emt 0:00:01]} d5 {[%emt 0:00:00]} 3. e5 {[%emt 0:00:00]} Bf5 {[%emt 0:00:01]} 4. Nf3 {[%emt 0:00:02]} e6 {[%emt 0:00:01]} 5. b3 {[%emt 0:00:01]} h6 {[%emt 0:00:01]} 6. h3 {[%emt 0:00:02]} c5 {[%emt 0:00:04]} 7. Bb2 {[%emt 0:00:02]} Nc6 {[%emt 0:00:01]} 8. c3 {[%emt 0:00:01]} d4 {[%emt 0:00:01]} 9. c4 {[%emt 0:00:06]} Nge7 {[%emt 0:00:04]} 10. d3 {[%emt 0:00:01]} b6 {[%emt 0:00:01]} 11. Nbd2 {[%emt 0:00:01]} Bh7 {[%emt 0:00:04]} 12. Be2 {[%emt 0:00:02]} Nf5 {[%emt 0:00:02]} 13. Nf1 {[%emt 0:00:01]} Be7 {[%emt 0:00:04]} 14. Qd2 {[%emt 0:00:02]} Bh4+ {[%emt 0:00:02]} 15. Kd1 {[%emt 0:00:02]} Bf2 {[%emt 0:00:01]} 16. g4 {[%emt 0:00:08]} Ne3+ {[%emt 0:00:17]} 17. Nxe3 {[%emt 0:00:04]} dxe3 {[%emt 0:00:14]} 18. Qc2 {[%emt 0:00:08]} Nb4 {[%emt 0:00:03]} 19. Qc3 {[%emt 0:00:10]} Nxd3 {[%emt 0:00:24]} 20. f5 {[%emt 0:00:14]} Nf4+ {[%emt 0:00:19]} 21. Bd3 {[%emt 0:00:10]} Qxd3+ {[%emt 0:00:03]} 22. Qxd3 {[%emt 0:00:02]} Nxd3 {[%emt 0:00:00]} 23. Kc2 {[%emt 0:00:02]} Nxb2 {[%emt 0:00:01]} 24. Kxb2 {[%emt 0:00:01]} exf5 {[%emt 0:00:00]} 25. g5 {[%emt 0:00:06]} hxg5 {[%emt 0:00:04]} 26. Nxg5 {[%emt 0:00:02]} Bg6 {[%emt 0:00:01]} 27. e6 {[%emt 0:00:03]} e2 {[%emt 0:00:10]} 28. exf7+ {[%emt 0:00:03]} Bxf7 {[%emt 0:00:01]} 29. Nf3 {[%emt 0:00:03]} Bh5 {[%emt 0:00:03]} 30. Rh2 {[%emt 0:00:10]} Bd4+ {[%emt 0:00:03]} 31. Nxd4 {[%emt 0:00:02]} cxd4 {[%emt 0:00:00]} 32. Rf2 {[%emt 0:00:02]} g6 {[%emt 0:00:02]} 33. Kc2 {[%emt 0:00:01]} O-O-O {[%emt 0:00:04]} 34. Kd3 {[%emt 0:00:01]} Rhe8 {[%emt 0:00:01]} 35. Rg1 {[%emt 0:00:03]} e1=Q {[%emt 0:00:01]} 36. Rxe1 {[%emt 0:00:02]} Rxe1 {[%emt 0:00:00] Haris kollari 13 resigns (Lag: Av=0.74s, max=1.1s)} 0-1

[Event "Stay Safe Play From Home 309"]
[Site "Emanuel Lasker Arena"]
[Date "2020.07.16"]
[Round "6"]
[White "Dukic"]
[Black "Timbre"]
[Result "0-1"]
[WhiteElo "1850"]
[BlackElo "1554"]
[Annotator "NA RC"]
[PlyCount "92"]
[EventDate "2020.07.16"]
[EventType "swiss (blitz)"]

1. d4 {[%emt 0:00:04]} d5 {[%emt 0:00:02]} 2. c4 {[%emt 0:00:01]} c6 {[%emt 0:00:01]} 3. cxd5 {[%emt 0:00:01]} cxd5 {[%emt 0:00:02]} 4. Nc3 {[%emt 0:00:00]} Nc6 {[%emt 0:00:01]} 5. Nf3 {[%emt 0:00:02]} a6 {[%emt 0:00:01]} 6. Qb3 {[%emt 0:00:03]} Nf6 {[%emt 0:00:02]} 7. Bg5 {[%emt 0:00:02]} e6 {[%emt 0:00:01]} 8. e3 {[%emt 0:00:03]} Be7 {[%emt 0:00:02]} 9. Bd3 {[%emt 0:00:02]} Nh5 {[%emt 0:00:03]} 10. Bxe7 {[%emt 0:00:02]} Qxe7 {[%emt 0:00:01]} 11. O-O {[%emt 0:00:01]} O-O {[%emt 0:00:02]} 12. Rac1 {[%emt 0:00:01]} f5 {[%emt 0:00:05]} 13. Na4 {[%emt 0:00:03]} f4 {[%emt 0:00:03]} 14. Ne5 {[%emt 0:00:10]} Nxe5 {[%emt 0:00:03]} 15. dxe5 {[%emt 0:00:01]} fxe3 {[%emt 0:00:03]} 16. fxe3 {[%emt 0:00:04]} Rxf1+ {[%emt 0:00:04]} 17. Rxf1 {[%emt 0:00:10]} g6 {[%emt 0:00:01]} 18. Nb6 {[%emt 0:00:03]} Rb8 {[%emt 0:00:02]} 19. Be2 {[%emt 0:00:06]} Ng7 {[%emt 0:00:03]} 20. g4 {[%emt 0:00:03]} Bd7 {[%emt 0:00:03]} 21. a3 {[%emt 0:00:12]} Bc6 {[%emt 0:00:02]} 22. Rf4 {[%emt 0:00:11]} Qg5 {[%emt 0:00:03]} 23. Qc3 {[%emt 0:00:03]} h5 {[%emt 0:00:05]} 24. h3 {[%emt 0:00:02]} hxg4 {[%emt 0:00:02]} 25. hxg4 {[%emt 0:00:02]} Qh4 {[%emt 0:00:05]} 26. Qd4 {[%emt 0:00:08]} Qe1+ {[%emt 0:00:04]} 27. Bf1 {[%emt 0:00:07]} Qg3+ {[%emt 0:00:04]} 28. Bg2 {[%emt 0:00:03]} Qe1+ {[%emt 0:00:03]} 29. Rf1 {[%emt 0:00:02]} Qg3 {[%emt 0:00:04]} 30. Qf4 {[%emt 0:00:11]} Qxf4 {[%emt 0:00:06]} 31. exf4 {[%emt 0:00:03]} Rf8 {[%emt 0:00:04]} 32. Kh2 {[%emt 0:00:02]} Kf7 {[%emt 0:00:03]} 33. Kg3 {[%emt 0:00:01]} Ne8 {[%emt 0:00:11]} 34. Kh4 {[%emt 0:00:04]} Nc7 {[%emt 0:00:05]} 35. Kg5 {[%emt 0:00:01]} Nb5 {[%emt 0:00:06]} 36. Rh1 {[%emt 0:00:03]} Rg8 {[%emt 0:00:04]} 37. Rh7+ {[%emt 0:00:02]} Rg7 {[%emt 0:00:01]} 38. Rh6 {[%emt 0:00:06]} Nd4 {[%emt 0:00:04]} 39. Nc8 {[%emt 0:00:06]} Nb5 {[%emt 0:00:15]} 40. a4 {[%emt 0:00:03]} Nd4 {[%emt 0:00:05]} 41. Nd6+ {[%emt 0:00:01]} Ke7 {[%emt 0:00:03]} 42. a5 {[%emt 0:00:11]} Ne2 {[%emt 0:00:05]} 43. Bf3 {[%emt 0:00:03]} Ng3 {[%emt 0:00:03]} 44. Rxg6 {[%emt 0:00:03]} Rxg6+ {[%emt 0:00:05]} 45. Kxg6 {[%emt 0:00:01]} Ne4 {[%emt 0:00:02]} 46. f5 {[%emt 0:00:02]} exf5 {[%emt 0:00:02] Zeit (Lag: Av=0.53s, max=1.2s)} 0-1

[Event "Stay Safe Play From Home 309"]
[Site "Emanuel Lasker Arena"]
[Date "2020.07.16"]
[Round "6"]
[White "Buzaglo"]
[Black "DM1969"]
[Result "0-1"]
[WhiteElo "1840"]
[BlackElo "1984"]
[Annotator "NA RC"]
[PlyCount "60"]
[EventDate "2020.07.16"]
[EventType "swiss (blitz)"]

1. d4 {[%emt 0:00:02]} e5 {[%emt 0:00:01]} 2. Nf3 {[%emt 0:00:00]} e4 {[%emt 0:00:01]} 3. Nfd2 {[%emt 0:00:00]} d5 {[%emt 0:00:01]} 4. e3 {[%emt 0:00:02]} Bd6 {[%emt 0:00:02]} 5. c4 {[%emt 0:00:01]} c6 {[%emt 0:00:02]} 6. Nc3 {[%emt 0:00:02]} Be6 {[%emt 0:00:02]} 7. cxd5 {[%emt 0:00:02]} cxd5 {[%emt 0:00:02]} 8. Bb5+ {[%emt 0:00:02]} Nc6 {[%emt 0:00:01]} 9. Qa4 {[%emt 0:00:09]} Nge7 {[%emt 0:00:03]} 10. f3 {[%emt 0:00:10]} f5 {[%emt 0:00:04]} 11. f4 {[%emt 0:00:05]} O-O {[%emt 0:00:02]} 12. a3 {[%emt 0:00:07]} Rc8 {[%emt 0:00:04]} 13. Qd1 {[%emt 0:00:04]} a6 {[%emt 0:00:04]} 14. Be2 {[%emt 0:00:02]} Qc7 {[%emt 0:00:11]} 15. h3 {[%emt 0:00:13]} Kh8 {[%emt 0:00:02]} 16. g4 {[%emt 0:00:02]} fxg4 {[%emt 0:00:07]} 17. Bxg4 {[%emt 0:00:02]} Nf5 {[%emt 0:00:02]} 18. Nb3 {[%emt 0:00:04]} Qe7 {[%emt 0:00:10]} 19. Qe2 {[%emt 0:00:13]} b5 {[%emt 0:00:06]} 20. Bxf5 {[%emt 0:00:04]} Bxf5 {[%emt 0:00:04]} 21. Nxd5 {[%emt 0:00:02]} Qh4+ {[%emt 0:00:02]} 22. Qf2 {[%emt 0:00:02]} Qh5 {[%emt 0:00:07]} 23. Nc3 {[%emt 0:00:07]} b4 {[%emt 0:00:06]} 24. axb4 {[%emt 0:00:05]} Nxb4 {[%emt 0:00:03]} 25. Nc5 {[%emt 0:00:28]} Bxc5 {[%emt 0:00:03]} 26. Kf1 {[%emt 0:00:04]} Nd3 {[%emt 0:00:05]} 27. Qe2 {[%emt 0:00:03]} Bxh3+ {[%emt 0:00:10]} 28. Rxh3 {[%emt 0:00:04]} Qxh3+ {[%emt 0:00:02]} 29. Kg1 {[%emt 0:00:01]} Rc6 {[%emt 0:00:12]} 30. d5 {[%emt 0:00:16]} Rg6+ {[%emt 0:00:02] Buzaglo resigns (Lag: Av=0.97s, max=1.3s)} 0-1

[Event "Stay Safe Play From Home 309"]
[Site "Emanuel Lasker Arena"]
[Date "2020.07.16"]
[Round "6"]
[White "Klasman"]
[Black "UHU4"]
[Result "0-1"]
[WhiteElo "1530"]
[BlackElo "1585"]
[Annotator "NA RC"]
[PlyCount "56"]
[EventDate "2020.07.16"]
[EventType "swiss (blitz)"]

{- Manoc a, Calota White restart ok. Black restart ok.} 1. f4 {[%emt 0:00:02]} d5 {[%emt 0:00:01]} 2. Nf3 {[%emt 0:00:01]} Nc6 {[%emt 0:00:01]} 3. e3 {[%emt 0:00:01]} Bg4 {[%emt 0:00:01]} 4. c4 {[%emt 0:00:04]} e6 {[%emt 0:00:01]} 5. Qb3 {[%emt 0:00:08]} Na5 {[%emt 0:00:07] UHU4 reconnected.} 6. Qa4+ {[%emt 0:00:10]} c6 {[%emt 0:00:01]} 7. Ne5 {[%emt 0:00:04]} Bf5 {[%emt 0:00:09] UHU4 reconnected.} 8. Nc3 {[%emt 0:00:07]} Bd6 {[%emt 0:00:03]} 9. cxd5 {[%emt 0:00:08]} exd5 {[%emt 0:00:02] UHU4 reconnected.} 10. Bd3 {[%emt 0:00:26]} Bxd3 {[%emt 0:00:04]} 11. Nxd3 {[%emt 0:00:07]} Nf6 {[%emt 0:00:02]} 12. O-O {[%emt 0:00:15]} O-O {[%emt 0:00:02] UHU4 reconnected.} 13. Ne5 {[%emt 0:00:12]} b5 {[%emt 0:00:05]} 14. Qd1 {[%emt 0:00:08]} Bxe5 {[%emt 0:00:02]} 15. fxe5 {[%emt 0:00:03]} Nd7 {[%emt 0:00:01]} 16. d4 {[%emt 0:00:01]} Nc4 {[%emt 0:00:01]} 17. b3 {[%emt 0:00:06]} Ncb6 {[%emt 0:00:02]} 18. Qg4 {[%emt 0:00:06]} f6 {[%emt 0:00:03]} 19. e6 {[%emt 0:00:03]} f5 {[%emt 0:00:07] UHU4 reconnected.} 20. Rxf5 {[%emt 0:00:11]} Rxf5 {[%emt 0:00:01]} 21. Qxf5 {[%emt 0:00:01]} Nf6 {[%emt 0:00:03]} 22. Bd2 {[%emt 0:00:05]} Qe7 {[%emt 0:00:02]} 23. Rf1 {[%emt 0:00:05]} Re8 {[%emt 0:00:02]} 24. e4 {[%emt 0:00:08]} dxe4 {[%emt 0:00:01]} 25. Nxe4 {[%emt 0:00:02]} Nxe4 {[%emt 0:00:05]} 26. Qxe4 {[%emt 0:00:01]} Qxe6 {[%emt 0:00:01] UHU4 reconnected.} 27. Qf3 {[%emt 0:00:13]} Nd5 {[%emt 0:00:07]} 28. Bc1 {[%emt 0:00:02]} Qf6 {[%emt 0:00:10] Time (Lag: Av=0.51s, max=0.9s)} 0-1

[Event "Stay Safe Play From Home 309"]
[Site "Emanuel Lasker Arena"]
[Date "2020.07.16"]
[Round "7"]
[White "DM1969"]
[Black "Haris kollari 13"]
[Result "0-1"]
[WhiteElo "1994"]
[BlackElo "1920"]
[Annotator "NA RC"]
[PlyCount "32"]
[EventDate "2020.07.16"]
[EventType "swiss (blitz)"]

1. d4 {[%emt 0:00:02]} d5 {[%emt 0:00:02]} 2. Nf3 {[%emt 0:00:01]} c5 {[%emt 0:00:01]} 3. c3 {[%emt 0:00:01]} Nc6 {[%emt 0:00:01]} 4. e3 {[%emt 0:00:01]} Bg4 {[%emt 0:00:01]} 5. Bd3 {[%emt 0:00:01]} f6 {[%emt 0:00:01]} 6. Nbd2 {[%emt 0:00:02]} e5 {[%emt 0:00:01]} 7. dxe5 {[%emt 0:00:01]} fxe5 {[%emt 0:00:01]} 8. e4 {[%emt 0:00:05]} c4 {[%emt 0:00:06]} 9. Bc2 {[%emt 0:00:11]} b5 {[%emt 0:00:08]} 10. exd5 {[%emt 0:00:08]} Qxd5 {[%emt 0:00:02]} 11. Be4 {[%emt 0:00:02]} Qd6 {[%emt 0:00:05]} 12. a4 {[%emt 0:00:04]} Nf6 {[%emt 0:00:06]} 13. Qc2 {[%emt 0:00:14]} Nxe4 {[%emt 0:00:16]} 14. Qxe4 {[%emt 0:00:04]} Bxf3 {[%emt 0:00:01]} 15. Nxf3 {[%emt 0:00:03]} O-O-O {[%emt 0:00:07]} 16. axb5 {[%emt 0:00:02]} Qd1# {[%emt 0:00:02] (Lag: Av=0.79s, max=1.0s)} 0-1

[Event "Stay Safe Play From Home 309"]
[Site "Emanuel Lasker Arena"]
[Date "2020.07.16"]
[Round "7"]
[White "Greblha"]
[Black "Klasman"]
[Result "1-0"]
[WhiteElo "1975"]
[BlackElo "1516"]
[Annotator "TA"]
[PlyCount "85"]
[EventDate "2020.07.16"]
[EventType "swiss (blitz)"]

{[%evp 9,85,32,35,36,37,29,83,83,176,102,142,131,360,3,15,3,182,98,126,-139,-122,-146,-121,-119,29999,-186,-189,-189,-193,-193,-184,-202,-153,-152,-153,-150,-141,-145,-151,-147,-131,-160,-147,-154,-156,-265,0,-659,-251,-534,-525,-473,-279,-363,-280,-290,-182,-678,-670,-597,-183,-217,-189,-160,-8,-307,-310,-288,-271,-260,-253,-333,-165,-165,0,-228,0,-260]} 1. e4 f5 2. exf5 Nf6 3. Nc3 d5 4. d4 Bxf5 5. Bd3 {[#]} Bxd3 $146 ({Predecessor:} 5... Qd7 6. Nf3 Nc6 7. Bf4 Qe6+ 8. Kf1 O-O-O 9. Ng5 Bxd3+ 10. Qxd3 Qg4 {1-0 (19) Szymanski,P (1906)-Ferreira,A (1850) Bastia 2008}) 6. Qxd3 {B00: Queen's Fianchetto Defence, Nimzowitsch Defence.} Nc6 7. Nf3 Qd6 (7... e6 $11 {remains equal.}) 8. O-O $16 {White is better.} O-O-O {[#]} (8... e6 $16 {might work better.}) 9. Re1 (9. Ng5 $1 $18) 9... Nb4 10. Qd2 Ng4 $2 (10... Qd7 $16 11. a3 Nc6) 11. Ne5 $2 ({White should try} 11. Nb5 $18 Qb6 12. Qxb4) 11... Nxe5 $11 12. Rxe5 g6 $2 (12... e6 $11) 13. a3 (13. Nb5 $18 Qb6 14. Qxb4) 13... Nc6 14. Re2 $2 {[%mdl 8192]} (14. Rxd5 $16 Qe6 15. Qe3 Qxe3 16. Rxd8+ (16. Bxe3 Bg7 $11) (16. fxe3 Rxd5 17. Nxd5 e5 $14) 16... Nxd8 17. Bxe3 (17. fxe3 Bg7 $16)) 14... Bg7 15. Nb5 Qf6 16. Qf4 {[%csl Gb5][%cal Rf4c7]} a6 $2 {[%mdl 8192]} (16... Rd7 $17 17. Qxf6 Bxf6) 17. Qxf6 $4 {[%mdl 8192]} (17. Qxc7# {mates}) 17... Bxf6 $19 18. Nc3 Nxd4 19. Rd2 e5 20. Ne2 Nxe2+ 21. Rxe2 e4 22. c3 Rhf8 23. Bh6 Rf7 24. Be3 g5 25. Rd1 h5 26. Red2 c6 27. c4 (27. h3 $17) 27... Rfd7 $2 (27... dxc4 $19 {Hoping for ...Rd3.} 28. Rxd8+ Bxd8) 28. c5 $2 {[%mdl 8192]} (28. Bb6 $11) 28... g4 $2 (28... d4 29. Rc2 dxe3 30. Rxd7 Kxd7 31. fxe3 Ke6) 29. f3 $2 (29. Bd4 {was called for.} Bxd4 30. Rxd4) 29... gxf3 30. gxf3 exf3 (30... d4 $142 31. Bf4 e3) 31. Kf2 Bh4+ 32. Kxf3 Rf7+ 33. Ke2 $2 (33. Kg2) 33... Re8 34. Kd3 Rxe3+ $2 (34... Rf3 35. Re2 Bf6) 35. Kxe3 {[%mdl 4096] Endgame KRR-KRB} Bg5+ 36. Kd3 Rf3+ $2 ({Black should play} 36... Bxd2 $17 37. Rxd2 Rf4) 37. Kc2 $2 {[%mdl 8192]} (37. Ke2 $11 {and White is okay.} Rh3 38. Rc2) 37... Bxd2 38. Rxd2 {KR-KR} Kc7 39. Rg2 h4 40. Rg7+ Kc8 (40... Kb8 $142 {...Rf2+ is the strong threat.} 41. Rg8+ Ka7) 41. Rg8+ {[#]} Kc7 (41... Kd7 $142 $1 42. Rg7+ Kc8) 42. Rg7+ Kc8 $2 (42... Kb8 $19 {Strongly threatening ...Rf2+.} 43. Rg2 a5) 43. Rg2 $2 {[%mdl 40960] Accuracy: White = 31%, Black = 30%. . Loss on time!?} (43. Rg8+ $11 {and White stays safe.} Kc7 44. Rg7+) 1-0

[Event "Stay Safe Play From Home 309"]
[Site "Emanuel Lasker Arena"]
[Date "2020.07.16"]
[Round "7"]
[White "Oliverfab"]
[Black "Lazieri3"]
[Result "0-1"]
[WhiteElo "1821"]
[BlackElo "2015"]
[Annotator "TA"]
[PlyCount "82"]
[EventDate "2020.07.16"]
[EventType "swiss (blitz)"]
[WhiteTeam "SV Laatzen"]

{[%evp 9,82,16,23,9,25,17,27,27,27,20,33,25,29,27,29,30,25,28,23,27,72,43,82,80,63,31,42,0,0,0,0,-8,0,-2,-1,-12,0,-35,35,-64,-66,-79,-81,-77,23,-107,-105,-102,-112,-215,-159,-156,-174,-172,-143,-155,-172,-158,-159,-214,-234,-211,-153,-122,-142,-199,-189,-169,-152,-200,-202,-1596,-1482,-1658,-1595]} 1. Nf3 c6 2. g3 d5 3. Bg2 Nf6 4. b3 Bf5 5. Bb2 e6 6. d3 {A07: Réti Opening: New York and Capablanca Systems.} Bc5 7. Nbd2 Qe7 8. O-O {White has an edge.} Ba3 9. Qc1 Bxb2 10. Qxb2 O-O {[#]} 11. Rfe1 $146 ({Predecessor:} 11. c4 Nbd7 12. Ne5 Nxe5 13. Qxe5 Rac8 14. a3 Rfd8 15. b4 Ng4 16. Qd4 b6 {½-½ (16) Psakhis,L (2572)-Potkin,V (2481) Moscow 2002}) 11... Nbd7 {[%cal Bb8d7,Bd7b6,Bb6a4,Ba4b2][%mdl 32]} 12. e4 dxe4 13. dxe4 Bg6 14. Nh4 Nb6 15. a4 a5 16. Nxg6 hxg6 17. Rad1 Rfd8 18. Nf1 Qb4 19. c3 Nxa4 {[#] aiming for ...Rxd1.} 20. cxb4 Nxb2 21. Rxd8+ Rxd8 22. bxa5 Rd3 23. Re3 Rd1 (23... Rd4 $15) 24. Bf3 (24. Re2 $14 Nd3 25. Rd2 Rxd2 26. Nxd2) 24... Ra1 $15 25. b4 Nc4 26. Rd3 Rb1 ({Black should try} 26... Kf8 $17 {Strongly threatening ...Ne5.} 27. Rd4 Ne5) 27. Kg2 (27. Rd8+ $11 {keeps the balance.} Kh7 28. Be2) 27... Rxb4 $17 28. Rd8+ Kh7 29. Rb8 (29. Nd2 $17 {keeps fighting.} Ne5 30. Bd1) 29... Nxa5 30. Rf8 Nxe4 31. Rxf7 {[#] Threatens to win with Rf4.} Ng5 32. Re7 Nxf3 33. Kxf3 {[%mdl 4096] Endgame KRN-KRN} Nb3 34. Ne3 (34. Kg2 $17 {was worth a try.}) 34... Nd4+ $19 35. Kg2 Nf5 36. Rxe6 Nxe3+ 37. Rxe3 $17 {KR-KR} (37. fxe3 $17 Rb2+ 38. Kh3) 37... c5 38. Kf3 c4 39. Ke2 Rb2+ 40. Kf3 $2 (40. Kd1) 40... b5 $19 41. Rc3 Rb3 {Accuracy: White = 47%, Black = 76%.} 0-1